The importance of play in early childhood education psychoanalytic, attachment and developmental perspective

Saved in:
Bibliografiske detaljer
Format: Bog
Sprog:engelsk
Udgivet: Routledge 2019
Tags: Tilføj Tag
Ingen Tags, Vær først til at tagge denne postø!

MARC

LEADER 00000nam a22000007a 4500
008 230728b |||||||| |||| 00| 0 eng d
020 |a 9781138749931 
245 |a The importance of play in early childhood education  |b psychoanalytic, attachment and developmental perspective  |c edit6ed by Marilyn Charles and Jill Bellinson  |g xv, 252p 
250 |c Charles, Marilyn 
250 |c Bellinson, Jill 
260 |b Routledge  |c 2019  |h London  |i 700114  |i 700115  |l HQ772.Im7  |m Child development  |m Play 
500 |a it includes references and index 
942 |a lcc  |c BK  |e Johnson  |f 28/07/23 
952 |0 0  |1 0  |2 lcc  |4 0  |6 HQ0772 I M7  |7 0  |9 4318  |a SSL  |b HOL  |c GJ  |d 2023-07-28  |l 0  |o HQ772.Im7  |p 2023-0244  |r 2023-07-28 00:00:00  |t 700114  |w 2023-07-28  |y BK 
952 |0 0  |1 0  |2 lcc  |4 0  |6 HQ0772 I M7  |7 0  |9 4319  |a HOL  |b HOL  |c GJ  |d 2023-07-28  |l 0  |o HQ772.Im7  |p 2023-0245  |r 2023-07-28 00:00:00  |t 700115  |w 2023-07-28  |y BK 
999 |c 2169  |d 2169